000 01000nam a2200325 a 4500
001 15808
003 BD-RjUL
005 20211208235906.0
008 140210r19631957dcuqn p 0 a0eng c
030 _aBECODS
032 _a080440
_bUSPS
035 _a(BD-RjUL)15863
040 _aMnMULS
_beng
_cMnMULS
_dOCoLC
_dCU-UC
_dNIC
_dBD-RjUL
041 _aeng
082 0 4 _223
_a330
_bRIB 1963
100 _aRichardson, A.R.
_949023
245 1 0 _aBusiness economics /
_cA.R. Richardson.
250 _a2nd ed.
260 _aCleveland, Ohio :
_bNational Association of Business Economists,
_c1955,1957 [reprinted 1961,1963]
300 _a v. :
_bill. ;
_c19 cm.
505 0 1 _aPt. 1 -- Pt. 2--
650 0 _aEconomics
_99412
650 0 _aBusiness
_949024
710 2 _aNational Association of Business Economists (U.S.)
_949026
710 2 _aNational Association for Business Economics (U.S.)
_949027
942 _2ddc
_cBK
999 _c15808
_d15808